|
|
|
|
| LEADER |
00000nam0a2200000 4500 |
| 001 |
365389 |
| 005 |
20231102011800.0 |
| 035 |
|
|
|a (RuTPU)RU\TPU\retro\22752
|
| 090 |
|
|
|a 365389
|
| 100 |
|
|
|a 20211227d1981 km y0rusy50 ca
|
| 101 |
0 |
|
|a rus
|
| 102 |
|
|
|a RU
|
| 105 |
|
|
|a a z 001zy
|
| 200 |
1 |
|
|a Очистка фильтрующих материалов
|f Л. М. Блянкман
|
| 210 |
|
|
|a Москва
|c Энергоиздат
|d 1981
|
| 215 |
|
|
|a 112 с.
|c ил.
|
| 320 |
|
|
|a Библиогр.: с. 105-109
|
| 606 |
1 |
|
|a Фильтрующие материалы
|2 stltpush
|3 (RuTPU)RU\TPU\subj\31632
|9 54439
|
| 606 |
1 |
|
|a Тепловые электрические станции
|x Водный режим
|2 stltpush
|3 (RuTPU)RU\TPU\subj\59606
|9 77116
|
| 610 |
1 |
|
|a водоочистка
|
| 610 |
1 |
|
|a водоочистные фильтры
|
| 610 |
1 |
|
|a фильтрующие материалы
|
| 610 |
1 |
|
|a химические реагенты
|
| 610 |
1 |
|
|a водные прмывки
|
| 610 |
1 |
|
|a интенсификация
|
| 610 |
1 |
|
|a ультразвуковая очистка
|
| 675 |
|
|
|a 621.311.22.002.5:621.182.1
|v 4
|
| 700 |
|
1 |
|a Блянкман
|b Л. М.
|g Леонид Максович
|
| 801 |
|
1 |
|a RU
|b 63413507
|c 20211227
|
| 942 |
|
|
|c BK
|